000 00751nam a2200193Ii 4500
003 JO-AjNU
008 230605s9999||||xx |||||||||||||| ||und||
040 _aJO-AjNU
_bara
_erda
_cJO-AjNU
041 _aara
050 1 4 _aPJ6161.S526 1983
100 3 _aشيخون، محمود السيد,
_eauthor
_938619
245 0 0 _aالبلاغة الوافية للصف الأول الثانوي بالمعاهد الأزهرية حسب المنهج الجديد
264 3 1 _aالقاهرة: مكتبة الكليات الأزهرية، 1983
300 _a78ص
336 _atext
_btxt
_2rdacontent
337 _aunmediated
_bn
_2rdamedia
338 _avolume
_bnc
_2rdacarrier
650 4 _aاللغة العربية-بلاغة-دراسة وتعليم
_938620
999 _aA16240
_c19808
_d19808